000
00340nam a2200145Ia 4500
008
090124s9999 xx 000 0 und d
082
_b
35387
245
_a
वंश
250
_a
1
260
_b
जाखोटिया गिरीश प.
_c
2008
300
_a
246
630
_a
वंश
730
_a
वंश
942
_c
BOOK
999
_c
200406
_d
200406